[Event "España ch sub-14 2009"]
[Site "Granada ESP"]
[Date "2009.07.07"]
[Round "1.1"]
[White "Pardo Simon, David"]
[Black "Norte Garcia, Andrea"]
[Result "1-0"]
[WhiteElo "2321"]
[BlackElo "1704"]
[PlyCount "87"]
[EventDate "2009.07.07"]
[EventType "swiss"]
[EventRounds "9"]
[EventCountry "ESP"]
[Source "lmi"]
[SourceDate "2009.07.07"]

1. b3 e5 2. Bb2 Nc6 3. e3 Be7 4. g3 Nf6 5. Bg2 d5 6. Ne2 O-O 7. d4 exd4 8. exd4
Bg4 9. O-O Re8 10. Nbc3 Qd7 11. Re1 Bf8 12. Qd2 Ne7 13. Nf4 c6 14. Nd3 Bh5 15.
Ne5 Qc7 16. Ne2 Ng6 17. Nf4 Nxf4 18. Qxf4 Bd6 19. c4 dxc4 20. bxc4 Nd7 21. Qg5
f6 22. Qxh5 fxe5 23. c5 Bf8 24. dxe5 Nxc5 25. Rad1 Rad8 26. Qh4 Kh8 27. Qc4 Ne6
28. Kh1 Qb6 29. Rxd8 Qxd8 30. f4 g6 31. Qb3 Qc7 32. Bh3 Nc5 33. Qc4 Qe7 34. Bg2
Ne6 35. g4 Qh4 36. Rg1 Bc5 37. Rf1 Qxg4 38. a4 Rf8 39. Bc1 Rd8 40. Qb3 Rd7 41.
Bh3 Qe2 42. Qxe6 Qe4+ 43. Bg2 Qd4 44. Bb2 1-0

[Event "España ch sub-14 2009"]
[Site "Granada ESP"]
[Date "2009.07.07"]
[Round "1.2"]
[White "Antunez Munoz, Juan Jesus"]
[Black "Sanchez Ibern, Marc"]
[Result "0-1"]
[WhiteElo "1699"]
[BlackElo "2289"]
[PlyCount "88"]
[EventDate "2009.07.07"]
[EventType "swiss"]
[EventRounds "9"]
[EventCountry "ESP"]
[Source "lmi"]
[SourceDate "2009.07.07"]

1. e4 b6 2. d4 Bb7 3. Nc3 e6 4. Nf3 Bb4 5. Bd3 Nf6 6. Qe2 d5 7. e5 Ne4 8. Bd2
Nxd2 9. Qxd2 Be7 10. O-O c5 11. dxc5 bxc5 12. Bb5+ Nd7 13. Rfe1 O-O 14. Rad1
Nb6 15. Na4 a6 16. Nxb6 Qxb6 17. Ba4 Rab8 18. c3 Qa5 19. Bc2 Rfd8 20. Ng5 Bxg5
21. Qxg5 h6 22. Qg4 Qc7 23. Rd3 Qe7 24. Rg3 Qf8 25. Qh5 Kh8 26. Rf3 Rd7 27. Bg6
Kg8 28. g4 d4 29. Rf4 Qe8 30. Bc2 Qe7 31. Ba4 Rdd8 32. cxd4 Rxd4 33. Rxd4 cxd4
34. Rd1 Rd8 35. Qh3 Qc5 36. Qh4 Rc8 37. g5 Qd5 38. Kf1 Qc4+ 39. Ke1 Qb4+ 40.
Kf1 Qxa4 41. Rxd4 Qb5+ 42. Ke1 Qxe5+ 43. Kd2 hxg5 44. Qg4 Bf3 0-1

[Event "España ch sub-14 2009"]
[Site "Granada ESP"]
[Date "2009.07.07"]
[Round "1.3"]
[White "Pintor Munoz, Antonio"]
[Black "Garcia Salamero, Hector"]
[Result "0-1"]
[WhiteElo "2278"]
[BlackElo "1687"]
[PlyCount "36"]
[EventDate "2009.07.07"]
[EventType "swiss"]
[EventRounds "9"]
[EventCountry "ESP"]
[Source "lmi"]
[SourceDate "2009.07.07"]

1. d4 d5 2. c4 Bf5 3. cxd5 Bxb1 4. Qa4+ c6 5. Rxb1 Qxd5 6. Nf3 Nd7 7. a3 Ngf6
8. e3 Qf5 9. Ra1 e5 10. Qb3 e4 11. Ne5 Nxe5 12. Qxb7 Rc8 13. dxe5 Ng4 14. Bd2
Bc5 15. f3 exf3 16. Bd3 fxg2 17. Rg1 Qf2+ 18. Kd1 O-O 0-1

[Event "España ch sub-14 2009"]
[Site "Granada ESP"]
[Date "2009.07.07"]
[Round "1.4"]
[White "Arellano Pardo, Martin"]
[Black "Anton Guijarro, David"]
[Result "0-1"]
[WhiteElo "1687"]
[BlackElo "2265"]
[PlyCount "158"]
[EventDate "2009.07.07"]
[EventType "swiss"]
[EventRounds "9"]
[EventCountry "ESP"]
[Source "lmi"]
[SourceDate "2009.07.07"]

1. e4 e6 2. d4 d5 3. exd5 exd5 4. Nf3 Bd6 5. Bd3 Ne7 6. O-O Bf5 7. Re1 O-O 8.
Bg5 f6 9. Bh4 Qd7 10. c4 Bxd3 11. Qxd3 c6 12. Bg3 Bxg3 13. hxg3 Na6 14. c5 Rae8
15. a3 Nc7 16. Nc3 Qg4 17. Re2 Nf5 18. Rae1 Qg6 19. Rxe8 Rxe8 20. Rxe8+ Nxe8
21. Qd2 Qg4 22. Qd3 Nc7 23. Nh2 Qg6 24. g4 Ne7 25. Qg3 Na6 26. Qd6 Qe8 27. Qe6+
Kf8 28. b4 Nc7 29. Qe2 Qd7 30. Qe3 a6 31. g5 Ne8 32. Na4 Qf5 33. gxf6 Nxf6 34.
Nb6 Qb1+ 35. Nf1 Qe4 36. Qxe4 Nxe4 37. Nd7+ Ke8 38. Ne5 Nf5 39. Nf3 Nc3 40. Ng3
Nxg3 41. fxg3 Nb5 42. a4 Nc3 43. Ne1 Nxa4 44. Kf2 Nb2 45. Kf3 Kf7 46. Kf4 Kf6
47. g4 h6 48. Kg3 g6 49. Kf4 Nc4 50. Nc2 b5 51. cxb6 Nxb6 52. Ne3 Nc4 53. Nc2
g5+ 54. Kf3 Ke6 55. Ke2 Kd7 56. Kd3 Kd8 57. Ke2 Kc7 58. Kd3 Kb6 59. Kc3 Kb5 60.
Kb3 Nd2+ 61. Kc3 Ne4+ 62. Kb3 Nf2 63. Ne3 Nd3 64. Nc2 Nc1+ 65. Kb2 Ne2 66. Kb3
a5 67. bxa5 Kxa5 68. Ka3 Kb5 69. Kb3 c5 70. dxc5 Kxc5 71. Ne3 d4 72. Nf5 d3 73.
Nxh6 Kd4 74. Nf5+ Ke4 75. Kb2 Kf4 76. Nh6 Ke3 77. Nf5+ Kf2 78. Nd6 d2 79. Ne4+
Ke1 0-1

[Event "España ch sub-14 2009"]
[Site "Granada ESP"]
[Date "2009.07.07"]
[Round "1.5"]
[White "Santos Latasa, Jaime"]
[Black "Delisau Gil, Oriol"]
[Result "1/2-1/2"]
[WhiteElo "2256"]
[BlackElo "1683"]
[PlyCount "92"]
[EventDate "2009.07.07"]
[EventType "swiss"]
[EventRounds "9"]
[EventCountry "ESP"]
[Source "lmi"]
[SourceDate "2009.07.07"]

1. d4 Nf6 2. Nf3 g6 3. c4 Bg7 4. Nc3 d6 5. Bg5 O-O 6. e4 Nbd7 7. Be2 c6 8. O-O
Qc7 9. Rc1 e5 10. d5 a5 11. Qc2 h6 12. Be3 Ng4 13. Bd2 Nc5 14. h3 Nf6 15. Be3
Nfd7 16. Qd2 Kh7 17. Rfd1 f5 18. exf5 gxf5 19. dxc6 Qxc6 20. Qxd6 Qxd6 21. Rxd6
f4 22. Bxc5 Nxc5 23. Rd5 b6 24. Nd2 Bb7 25. Rd6 Rad8 26. Rxd8 Rxd8 27. Nb3 Nxb3
28. axb3 Rd2 29. Rc2 Rxc2 30. Bd3+ e4 31. Bxc2 Bxc3 32. bxc3 Kg7 33. Kf1 Kf6
34. Ke2 Kg5 35. Ke1 Kf6 36. b4 axb4 37. cxb4 Ke5 38. Bd1 Kd4 39. Be2 Bc8 40. g4
fxg3 41. fxg3 Bxh3 42. c5 bxc5 43. bxc5 Kxc5 44. Kf2 Be6 45. Ke3 Kd5 46. Bh5
Ke5 1/2-1/2

[Event "España ch sub-14 2009"]
[Site "Granada ESP"]
[Date "2009.07.07"]
[Round "1.6"]
[White "Rubio Campos, Juan"]
[Black "Alcaraz Ortega, Javier"]
[Result "0-1"]
[WhiteElo "1678"]
[BlackElo "2241"]
[PlyCount "36"]
[EventDate "2009.07.07"]
[EventType "swiss"]
[EventRounds "9"]
[EventCountry "ESP"]
[Source "lmi"]
[SourceDate "2009.07.07"]

1. e4 c5 2. Nf3 e6 3. d4 cxd4 4. Nxd4 a6 5. Bd3 Bc5 6. Nb3 Ba7 7. O-O Nc6 8.
Qg4 Nf6 9. Qxg7 Rg8 10. Qh6 Ne5 11. Be2 Neg4 12. Bxg4 Rg6 13. Qh3 Nxg4 14. Bf4
Qf6 15. Qf3 Ne5 16. Qg3 Rxg3 17. hxg3 Ng4 18. c3 e5 0-1

[Event "España ch sub-14 2009"]
[Site "Granada ESP"]
[Date "2009.07.07"]
[Round "1.7"]
[White "Cruz Lledo, Pablo"]
[Black "Rey Malde, Henrique"]
[Result "1-0"]
[WhiteElo "2190"]
[BlackElo "1675"]
[PlyCount "67"]
[EventDate "2009.07.07"]
[EventType "swiss"]
[EventRounds "9"]
[EventCountry "ESP"]
[Source "lmi"]
[SourceDate "2009.07.07"]

1. d4 e6 2. c4 Nf6 3. Nc3 Bb4 4. Nf3 c5 5. g3 d5 6. cxd5 Nxd5 7. Bd2 Nc6 8. a3
cxd4 9. axb4 dxc3 10. bxc3 b6 11. Bg2 Bb7 12. Qa4 O-O 13. O-O Qc7 14. c4 Nf6
15. b5 Ne7 16. Bf4 Qc8 17. Bd6 Re8 18. Nd4 Nf5 19. Bxb7 Qxb7 20. Nxf5 exf5 21.
Qc2 Ne4 22. Bb4 g6 23. f3 Ng5 24. Ra2 Qc7 25. c5 bxc5 26. Qxc5 Qxc5+ 27. Bxc5
Re5 28. Rc1 Rc8 29. Be3 Rxc1+ 30. Bxc1 Ne6 31. b6 axb6 32. Ra8+ Kg7 33. Bb2 Kf6
34. f4 1-0

[Event "España ch sub-14 2009"]
[Site "Granada ESP"]
[Date "2009.07.07"]
[Round "1.8"]
[White "Dominguez Alfara, Miguel"]
[Black "Tallo Dominguez, Imar"]
[Result "0-1"]
[WhiteElo "1665"]
[BlackElo "2124"]
[PlyCount "66"]
[EventDate "2009.07.07"]
[EventType "swiss"]
[EventRounds "9"]
[EventCountry "ESP"]
[Source "lmi"]
[SourceDate "2009.07.07"]

1. d4 Nf6 2. Nf3 e6 3. e3 b6 4. Bd3 Bb7 5. Nbd2 d5 6. c4 Be7 7. O-O O-O 8. b3
c5 9. Bb2 Nbd7 10. Qc2 Rc8 11. dxc5 bxc5 12. cxd5 exd5 13. e4 dxe4 14. Nxe4 h6
15. Qe2 Re8 16. Rfe1 Nxe4 17. Bxe4 Bf6 18. Bxb7 Rxe2 19. Rxe2 Bxb2 20. Rxb2 Rb8
21. Bd5 Qf6 22. Rab1 Nb6 23. Rd2 Rd8 24. Be4 Rxd2 25. Nxd2 Qd4 26. Rd1 Nd5 27.
Bxd5 Qxd5 28. Kf1 g5 29. Ke2 Qxg2 30. Nf3 g4 31. Rd8+ Kh7 32. Nh4 Qe4+ 33. Kf1
Qe7 0-1

[Event "España ch sub-14 2009"]
[Site "Granada ESP"]
[Date "2009.07.07"]
[Round "1.9"]
[White "Suarez Garcia, Carlos"]
[Black "Alonso Macias, Maria"]
[Result "1-0"]
[WhiteElo "2122"]
[BlackElo "1659"]
[PlyCount "33"]
[EventDate "2009.07.07"]
[EventType "swiss"]
[EventRounds "9"]
[EventCountry "ESP"]
[Source "lmi"]
[SourceDate "2009.07.07"]

1. d4 Nf6 2. Nf3 c5 3. e3 e6 4. Bd3 d5 5. O-O Bd6 6. b3 O-O 7. Bb2 Nc6 8. Nbd2
b6 9. c4 Bb7 10. Rc1 Rc8 11. Bb1 Re8 12. Ne5 Qc7 13. f4 Nd7 14. Bxh7+ Kxh7 15.
Qh5+ Kg8 16. Qxf7+ Kh8 17. Rf3 1-0

[Event "España ch sub-14 2009"]
[Site "Granada ESP"]
[Date "2009.07.07"]
[Round "1.10"]
[White "Calleja Loma, David"]
[Black "Meneses Gonzalez, Kevin Moises"]
[Result "1-0"]
[WhiteElo "1648"]
[BlackElo "2074"]
[PlyCount "123"]
[EventDate "2009.07.07"]
[EventType "swiss"]
[EventRounds "9"]
[EventCountry "ESP"]
[Source "lmi"]
[SourceDate "2009.07.07"]

1. e4 c5 2. Nf3 d6 3. Bb5+ Bd7 4. Bxd7+ Qxd7 5. O-O Nf6 6. Re1 e6 7. c3 Be7 8.
d4 cxd4 9. cxd4 d5 10. e5 Ne4 11. Nbd2 Nxd2 12. Bxd2 Nc6 13. Rc1 Rc8 14. Bg5
O-O 15. Bxe7 Qxe7 16. Qd2 Qb4 17. Qc3 Qb6 18. b3 Rc7 19. Qc5 Qa6 20. Rc2 Rfc8
21. Rec1 Nxd4 22. Qxc7 Nxf3+ 23. gxf3 Rxc7 24. Rxc7 h5 25. Rd7 Qxa2 26. Rxb7 h4
27. Rb4 g5 28. Rg4 Qd2 29. Rc8+ Kg7 30. Kg2 Kg6 31. Rf8 h3+ 32. Kxh3 Qxf2 33.
Rg8+ Kh6 34. R8xg5 Qxf3+ 35. Rg3 Qf1+ 36. Rg2 Qd3+ 37. R2g3 Qf1+ 38. Rg2 d4 39.
Rg8 Qf5+ 40. R2g4 Qf1+ 41. Rg2 Qf5+ 42. R2g4 Qf3+ 43. Rg3 Qh5+ 44. Kg2 Qe2+ 45.
Kh3 Qxe5 46. Kg2 Qe2+ 47. Kg1 Qe1+ 48. Kg2 Qd2+ 49. Kg1 Qc1+ 50. Kg2 Qd2+ 51.
Kh3 Kh7 52. R8g4 f5 53. Rh4+ Qh6 54. Rxh6+ Kxh6 55. Kg2 e5 56. Kf3 e4+ 57. Ke2
Kh5 58. Rg7 f4 59. b4 a6 60. h3 f3+ 61. Kf2 e3+ 62. Kxf3 1-0

[Event "España ch sub-14 2009"]
[Site "Granada ESP"]
[Date "2009.07.07"]
[Round "1.11"]
[White "Ballester Llagaria, Luis Eduardo"]
[Black "Barral Castro, Yago"]
[Result "1-0"]
[WhiteElo "2067"]
[BlackElo "1647"]
[PlyCount "78"]
[EventDate "2009.07.07"]
[EventType "swiss"]
[EventRounds "9"]
[EventCountry "ESP"]
[Source "lmi"]
[SourceDate "2009.07.07"]

1. e4 e6 2. d4 d5 3. Nc3 Nf6 4. e5 Nfd7 5. f4 c5 6. Nf3 Nc6 7. Be3 Qb6 8. Na4
Qa5+ 9. c3 cxd4 10. b4 Nxb4 11. cxb4 Bxb4+ 12. Bd2 b5 13. Nb2 Ba6 14. Bxb4
Qxb4+ 15. Qd2 Qxd2+ 16. Kxd2 Nc5 17. Nxd4 Ne4+ 18. Ke3 O-O 19. Bd3 Rac8 20.
Rac1 Nc5 21. Bxb5 Bxb5 22. Nxb5 Ne4 23. Rxc8 Rxc8 24. Nd3 a6 25. Na7 Rc3 26.
Rc1 Kf8 27. Rxc3 Nxc3 28. a3 Nb1 29. a4 Nc3 30. a5 Ke7 31. Nc6+ Kd7 32. Nb8+
Kc7 33. Nxa6+ Kc6 34. Nab4+ Kb5 35. a6 Kb6 36. a7 Kxa7 37. Nc6+ Kb6 38. Nd8 Kb5
39. Nxe6 fxe6 1-0

[Event "España ch sub-14 2009"]
[Site "Granada ESP"]
[Date "2009.07.07"]
[Round "1.12"]
[White "Sanchez Merino, Christian"]
[Black "Quintin Navarro, Alberto"]
[Result "0-1"]
[WhiteElo "1628"]
[BlackElo "2064"]
[PlyCount "74"]
[EventDate "2009.07.07"]
[EventType "swiss"]
[EventRounds "9"]
[EventCountry "ESP"]
[Source "lmi"]
[SourceDate "2009.07.07"]

1. e4 c5 2. Nf3 d6 3. d4 cxd4 4. Nxd4 Nf6 5. Nc3 g6 6. Bc4 Bg7 7. O-O O-O 8. f3
a6 9. Kh1 b5 10. Be2 Bb7 11. Be3 Nbd7 12. Qd2 Qc7 13. Bd3 Ne5 14. Rac1 Rac8 15.
a3 Nc4 16. Bxc4 Qxc4 17. Qd3 Nd7 18. Qxc4 Rxc4 19. Rfd1 Rc7 20. Nde2 Ne5 21.
Rb1 Nc4 22. Rd3 Rfc8 23. g3 Ne5 24. Rc1 Nxf3 25. Bb6 Rc6 26. Rxf3 Rxb6 27. Kg1
f5 28. Nd5 Bxd5 29. exd5 Bxb2 30. Re1 Rxc2 31. Nf4 Be5 32. Nh5 gxh5 33. Rxf5
Bf6 34. Rxh5 b4 35. Re4 bxa3 36. Rg4+ Kh8 37. Rg6 Rb1# 0-1

[Event "España ch sub-14 2009"]
[Site "Granada ESP"]
[Date "2009.07.07"]
[Round "1.13"]
[White "Montoliu Cervero, Francisco"]
[Black "Castillo Martinez, Eloi"]
[Result "1-0"]
[WhiteElo "2063"]
[BlackElo "1627"]
[PlyCount "79"]
[EventDate "2009.07.07"]
[EventType "swiss"]
[EventRounds "9"]
[EventCountry "ESP"]
[Source "lmi"]
[SourceDate "2009.07.07"]

1. e4 e5 2. Nf3 Nf6 3. d4 exd4 4. e5 Ne4 5. Qxd4 d5 6. exd6 Nxd6 7. Nc3 Nc6 8.
Qf4 Be6 9. Be2 Be7 10. O-O O-O 11. Rd1 Qc8 12. Bd3 Re8 13. Ng5 Bf5 14. Nge4 Bg6
15. Bd2 a5 16. a3 Bf8 17. f3 Ne5 18. Bf1 Qf5 19. Qg3 Nec4 20. Bf4 Ne5 21. Rd5
f6 22. Bd3 Qe6 23. Bxe5 fxe5 24. Re1 Nxe4 25. Bxe4 Bxe4 26. Rxe4 Bd6 27. Rd1
Rad8 28. Rde1 Qf7 29. Kh1 h6 30. Nd1 b6 31. Nf2 Rd7 32. Ng4 Kh7 33. Qf2 Rde7
34. Qe2 Qd5 35. Qe3 Re6 36. c4 Qc5 37. Qd3 Qc6 38. Rxe5+ Kh8 39. Rxe6 Rxe6 40.
Rxe6 1-0

[Event "España ch sub-14 2009"]
[Site "Granada ESP"]
[Date "2009.07.07"]
[Round "1.14"]
[White "Barrio Ungidos, Ibon"]
[Black "Aranaz Murillo, Amalia"]
[Result "0-1"]
[WhiteElo "1626"]
[BlackElo "2061"]
[PlyCount "106"]
[EventDate "2009.07.07"]
[EventType "swiss"]
[EventRounds "9"]
[EventCountry "ESP"]
[Source "lmi"]
[SourceDate "2009.07.07"]

1. e4 c6 2. d4 d5 3. exd5 cxd5 4. c4 Nf6 5. Nc3 e6 6. Nf3 Bb4 7. Bd3 dxc4 8.
Bxc4 O-O 9. O-O a6 10. Qd3 b5 11. Bb3 Bb7 12. Rd1 h6 13. Bf4 Bxc3 14. bxc3 Nbd7
15. Bc2 Be4 16. Qe2 Bxc2 17. Qxc2 Nb6 18. Ne5 Rc8 19. Rac1 Nfd5 20. Bd2 Nc4 21.
Be1 Nxe5 22. dxe5 Rc4 23. Rd4 Qc7 24. Rxc4 Qxc4 25. Bd2 Rc8 26. a3 Qc7 27. f4
Qc5+ 28. Kh1 Qxa3 29. Qd1 Qc5 30. Ra1 Ra8 31. Qf3 Qc7 32. Qe4 Qc6 33. f5 Ne7
34. Qxc6 Nxc6 35. f6 Nxe5 36. fxg7 Kxg7 37. Bf4 Nc4 38. Kg1 e5 39. Bg3 f6 40.
Kf2 a5 41. Ke2 a4 42. Kd3 Rd8+ 43. Ke2 Rd2+ 44. Kf1 Ne3+ 45. Ke1 Rxg2 46. Rc1
Rg1+ 47. Kd2 Nc4+ 48. Kc2 Rxc1+ 49. Kxc1 f5 50. Kc2 Kf6 51. h4 h5 52. Bf2 f4
53. Be1 e4 0-1

[Event "España ch sub-14 2009"]
[Site "Granada ESP"]
[Date "2009.07.07"]
[Round "1.15"]
[White "Gutierrez Valero, Mario"]
[Black "Asensio Ramos, Enrique Fernando"]
[Result "1-0"]
[WhiteElo "2024"]
[BlackElo "1624"]
[PlyCount "59"]
[EventDate "2009.07.07"]
[EventType "swiss"]
[EventRounds "9"]
[EventCountry "ESP"]
[Source "lmi"]
[SourceDate "2009.07.07"]

1. d4 Nf6 2. c4 c5 3. d5 b5 4. cxb5 a6 5. bxa6 Bxa6 6. Nc3 g6 7. g3 Bg7 8. Bg2
d6 9. Nf3 O-O 10. Rb1 Qa5 11. Bd2 Nbd7 12. b3 Rfb8 13. O-O Qa3 14. Ne1 Bb5 15.
Nc2 Qa6 16. a4 Bc4 17. Na3 Nb6 18. bxc4 Nxc4 19. Rxb8+ Rxb8 20. Nab5 Nd7 21.
Qc2 Ndb6 22. Bg5 Kf8 23. Rc1 Rb7 24. h4 h6 25. Bf4 Ne5 26. Bh3 Qa5 27. Rd1 Nxa4
28. Ra1 Rxb5 29. Rxa4 Qxc3 30. Ra8+ 1-0

[Event "España ch sub-14 2009"]
[Site "Granada ESP"]
[Date "2009.07.07"]
[Round "1.16"]
[White "Colchero Truniger, Alejandro"]
[Black "Navarro Lopez-Menchero, Daniel"]
[Result "0-1"]
[WhiteElo "1621"]
[BlackElo "2024"]
[PlyCount "134"]
[EventDate "2009.07.07"]
[EventType "swiss"]
[EventRounds "9"]
[EventCountry "ESP"]
[Source "lmi"]
[SourceDate "2009.07.07"]

1. d4 Nf6 2. c4 e6 3. Nc3 Bb4 4. Bd2 O-O 5. e3 d5 6. cxd5 exd5 7. Bd3 a6 8. Qc2
Re8 9. Nf3 Bd6 10. Ng5 h6 11. Nf3 b5 12. O-O-O c6 13. Kb1 Qe7 14. h3 Ne4 15.
Bc1 Nd7 16. Rdf1 Nb6 17. Nd2 Nxc3+ 18. Qxc3 Nc4 19. g4 a5 20. Rfg1 a4 21. h4 b4
22. Qc2 Nxd2+ 23. Qxd2 Ba6 24. g5 Bxd3+ 25. Qxd3 h5 26. g6 Qe4 27. gxf7+ Kxf7
28. Qxe4 dxe4 29. Rg5 g6 30. Rhg1 Rg8 31. Rh1 Kg7 32. Kc2 Kh7 33. Kd2 Rgf8 34.
Ke2 Rf5 35. Rxf5 gxf5 36. Bd2 b3 37. a3 Rb8 38. f3 Kg6 39. Rc1 Rb6 40. f4 Be7
41. Be1 Kf7 42. Rd1 Ke6 43. Rc1 Kd5 44. Rd1 Rb8 45. Bf2 Rg8 46. Rh1 Rg7 47. Rd1
Rg2 48. Rh1 Rg4 49. Kd1 Kc4 50. Kd2 Kb5 51. Kd1 Rg6 52. Kd2 c5 53. dxc5 Bxc5
54. Ke2 Be7 55. Rd1 Rc6 56. Rd5+ Kb6 57. Rd2 Rc1 58. Rd1 Rc2+ 59. Rd2 Bxa3 60.
Rxc2 bxc2 61. Kd2 Bxb2 62. Kxc2 Bf6 63. Be1 Kb5 64. Bf2 Kc4 65. Be1 a3 66. Kb1
Kb3 67. Bd2 a2+ 0-1

[Event "España ch sub-14 2009"]
[Site "Granada ESP"]
[Date "2009.07.07"]
[Round "2.1"]
[White "Madurga Lopez, Ignacio"]
[Black "Pardo Simon, David"]
[Result "0-1"]
[WhiteElo "1816"]
[BlackElo "2321"]
[PlyCount "68"]
[EventDate "2009.07.07"]
[EventType "swiss"]
[EventRounds "9"]
[EventCountry "ESP"]
[Source "lmi"]
[SourceDate "2009.07.07"]

1. e4 e5 2. Nf3 Nc6 3. d4 exd4 4. Bc4 Nf6 5. e5 d5 6. Bb5 Ne4 7. Nxd4 Bd7 8.
Bxc6 bxc6 9. O-O Bc5 10. Be3 Bb6 11. Nd2 Nxd2 12. Qxd2 O-O 13. Nb3 Qe7 14. Rae1
Rfe8 15. c3 f6 16. exf6 Qxf6 17. Kh1 Bf5 18. Nc5 Qf8 19. Nb3 a5 20. Nd4 Bd7 21.
f4 Re4 22. Nc2 Rae8 23. Bd4 Rxe1 24. Rxe1 Bf5 25. Be5 Bxc2 26. Qxc2 Qxf4 27.
Qe2 Qf5 28. g4 Qg5 29. h3 Bc5 30. Qh2 Bd6 31. h4 Rxe5 32. Rf1 Qxg4 33. Qf2 h6
34. Qf7+ Kh7 0-1

[Event "España ch sub-14 2009"]
[Site "Granada ESP"]
[Date "2009.07.07"]
[Round "2.2"]
[White "Sanchez Ibern, Marc"]
[Black "Ruiz Font, Elisabet"]
[Result "1-0"]
[WhiteElo "2289"]
[BlackElo "1831"]
[PlyCount "69"]
[EventDate "2009.07.07"]
[EventType "swiss"]
[EventRounds "9"]
[EventCountry "ESP"]
[Source "lmi"]
[SourceDate "2009.07.07"]

1. e4 c5 2. Nf3 g6 3. d4 cxd4 4. Nxd4 Nf6 5. Nc3 Nc6 6. Nde2 Bg7 7. g3 d6 8.
Bg2 O-O 9. O-O Bd7 10. Nd5 Nxd5 11. exd5 Ne5 12. a4 a5 13. Ra2 Rc8 14. b3 Qc7
15. c4 Bg4 16. h3 Bf3 17. Bxf3 Nxf3+ 18. Kg2 Ne5 19. Be3 Nd7 20. Bd4 Bxd4 21.
Nxd4 b6 22. Re1 Nc5 23. Rae2 Rfe8 24. Re3 Qd7 25. Qe2 Rc7 26. Kh2 Kg7 27. f4
Kf8 28. g4 Rb7 29. f5 Rbb8 30. Nc6 Rb7 31. Qf2 g5 32. h4 h6 33. hxg5 hxg5 34.
Kg3 Rc7 35. Rh1 1-0

[Event "España ch sub-14 2009"]
[Site "Granada ESP"]
[Date "2009.07.07"]
[Round "2.3"]
[White "Anton Guijarro, David"]
[Black "Gonzalez Hernandez, Ferran"]
[Result "1-0"]
[WhiteElo "2265"]
[BlackElo "1813"]
[PlyCount "119"]
[EventDate "2009.07.07"]
[EventType "swiss"]
[EventRounds "9"]
[EventCountry "ESP"]
[Source "lmi"]
[SourceDate "2009.07.07"]

1. d4 d5 2. c4 e6 3. Nc3 Nf6 4. cxd5 exd5 5. Bg5 c6 6. e3 Bf5 7. Qf3 Bg6 8.
Bxf6 Qxf6 9. Qxf6 gxf6 10. h4 h5 11. Nh3 Bd6 12. Ne2 Na6 13. Nhf4 Nc7 14. f3
Ne6 15. g3 Ke7 16. Bh3 f5 17. Kf2 Kf6 18. Rhc1 Nxf4 19. Nxf4 Rhe8 20. Rab1 a5
21. a3 Re7 22. Bf1 Rd7 23. b4 axb4 24. axb4 Ra2+ 25. Be2 Bxf4 26. gxf4 Re7 27.
Rb3 Ke6 28. Rcc3 Kd6 29. Ra3 Rxa3 30. Rxa3 Kc7 31. Bd3 b5 32. Ra1 Kd6 33. Bf1
Kc7 34. Bh3 Re6 35. Rg1 Kd6 36. Rg5 Rf6 37. e4 fxe4 38. f5 exf3 39. Kxf3 Ke7
40. Kf4 Kd6 41. Bf1 Ke7 42. Bd3 Bh7 43. Rg7 Bxf5 44. Bxf5 Rd6 45. Rh7 Rd8 46.
Rxh5 Ra8 47. Rg5 Ra1 48. Rg3 Rd1 49. h5 Rxd4+ 50. Kg5 Rxb4 51. h6 Ra4 52. h7
Ra8 53. Kf4 Kf6 54. Rg8 Ra4+ 55. Ke3 Rh4 56. Bd3 d4+ 57. Kd2 Rh2+ 58. Kc1 c5
59. h8=Q+ Rxh8 60. Rxh8 1-0

[Event "España ch sub-14 2009"]
[Site "Granada ESP"]
[Date "2009.07.07"]
[Round "2.4"]
[White "Alcaraz Ortega, Javier"]
[Black "Valero Gutierrez, Alvaro"]
[Result "1-0"]
[WhiteElo "2241"]
[BlackElo "1803"]
[PlyCount "85"]
[EventDate "2009.07.07"]
[EventType "swiss"]
[EventRounds "9"]
[EventCountry "ESP"]
[Source "lmi"]
[SourceDate "2009.07.07"]

1. c4 e5 2. g3 Nf6 3. Bg2 g6 4. Nc3 Nc6 5. e3 Bg7 6. Nge2 d6 7. O-O O-O 8. a3
Be6 9. d3 Qd7 10. b4 Bh3 11. Rb1 Bxg2 12. Kxg2 a6 13. e4 Ne7 14. Bg5 c6 15. d4
exd4 16. Qxd4 Ng4 17. Qd2 Rad8 18. Rbd1 h6 19. Bf4 Nc8 20. h3 Nf6 21. Bxh6 Rfe8
22. Bg5 Qe6 23. Qd3 Rd7 24. Nd4 Qe7 25. Rfe1 c5 26. Nd5 Qe5 27. f4 Qxd4 28.
Qxd4 cxd4 29. Bxf6 Re6 30. Bxg7 Kxg7 31. Rxd4 Ne7 32. Nxe7 Rdxe7 33. Kf3 f5 34.
e5 dxe5 35. fxe5 g5 36. Re2 Rh6 37. h4 gxh4 38. Rxh4 Rc6 39. Rd4 Kf7 40. Kf4
Kg6 41. Re3 Re8 42. Rd6+ Re6 43. c5 1-0

[Event "España ch sub-14 2009"]
[Site "Granada ESP"]
[Date "2009.07.07"]
[Round "2.5"]
[White "Gomez Dieguez, David"]
[Black "Cruz Lledo, Pablo"]
[Result "0-1"]
[WhiteElo "1795"]
[BlackElo "2190"]
[PlyCount "62"]
[EventDate "2009.07.07"]
[EventType "swiss"]
[EventRounds "9"]
[EventCountry "ESP"]
[Source "lmi"]
[SourceDate "2009.07.07"]

1. e4 c6 2. d4 d5 3. e5 Bf5 4. g4 Bd7 5. c4 dxc4 6. Bxc4 e6 7. Nc3 Ne7 8. Ne4
Nd5 9. Ne2 Na6 10. N2c3 b5 11. Bb3 Qc7 12. O-O Nxc3 13. bxc3 c5 14. f4 c4 15.
Bc2 Be7 16. f5 h5 17. Bf4 Qb7 18. f6 gxf6 19. exf6 Bf8 20. Ng5 Bc6 21. Re1
O-O-O 22. Be4 Bxe4 23. Nxe4 hxg4 24. a4 Nc5 25. Nxc5 Bxc5 26. axb5 Bd6 27. Bxd6
Rxd6 28. Qa4 g3 29. Qxc4+ Kb8 30. hxg3 Qf3 31. Qc5 Rh1# 0-1

[Event "España ch sub-14 2009"]
[Site "Granada ESP"]
[Date "2009.07.07"]
[Round "2.6"]
[White "Tallo Dominguez, Imar"]
[Black "Lopez Garralon, Miguel"]
[Result "1-0"]
[WhiteElo "2124"]
[BlackElo "1796"]
[PlyCount "47"]
[EventDate "2009.07.07"]
[EventType "swiss"]
[EventRounds "9"]
[EventCountry "ESP"]
[Source "lmi"]
[SourceDate "2009.07.07"]

1. e4 e6 2. d4 d5 3. Nd2 dxe4 4. Nxe4 Bd7 5. Nf3 Bc6 6. Bd3 Nd7 7. Ned2 Ngf6 8.
O-O Be7 9. b3 O-O 10. Bb2 Bxf3 11. Nxf3 c5 12. c4 cxd4 13. Nxd4 Nc5 14. Bc2 Qc7
15. Qf3 Bd6 16. Nb5 Bxh2+ 17. Kh1 Qf4 18. Qh3 Qd2 19. Rac1 Nce4 20. Bxf6 Qxc1
21. Bxe4 Qxf1+ 22. Kxh2 h6 23. Qg3 g6 24. Bxg6 1-0

[Event "España ch sub-14 2009"]
[Site "Granada ESP"]
[Date "2009.07.07"]
[Round "2.7"]
[White "Piriz Fernandez, Daniel"]
[Black "Suarez Garcia, Carlos"]
[Result "1-0"]
[WhiteElo "1793"]
[BlackElo "2122"]
[PlyCount "99"]
[EventDate "2009.07.07"]
[EventType "swiss"]
[EventRounds "9"]
[EventCountry "ESP"]
[Source "lmi"]
[SourceDate "2009.07.07"]

1. d4 d5 2. c4 e5 3. dxe5 d4 4. Nf3 Nc6 5. a3 Nge7 6. g3 Ng6 7. Bg2 Be7 8. b4
Ngxe5 9. Nbd2 Bf6 10. Bb2 d3 11. Nxe5 Nxe5 12. Ne4 O-O 13. O-O Bg4 14. Nxf6+
Qxf6 15. f3 Bf5 16. e4 Be6 17. f4 Nf3+ 18. Rxf3 Qxb2 19. Rxd3 Bxc4 20. Rd4 Be2
21. Rb1 Qa2 22. Ra1 Qb2 23. Rb1 Bxd1 24. Rxb2 Rfd8 25. Rbd2 Rxd4 26. Rxd4 Ba4
27. e5 c6 28. Rd7 Rb8 29. Kf2 Kf8 30. Ke3 Ke8 31. Rc7 Bb3 32. Bh3 Bd5 33. e6
fxe6 34. Rxg7 Rd8 35. Rxh7 Rd7 36. Rxd7 Kxd7 37. g4 b6 38. g5 c5 39. bxc5 bxc5
40. Bf1 Ke7 41. h4 Kf7 42. h5 a5 43. Bd3 Bb3 44. h6 a4 45. Kd2 Kg8 46. Kc3 Kf7
47. g6+ Kg8 48. Bc4 Bd1 49. Bxe6+ Kh8 50. g7+ 1-0